[Event "CUB-ch (Women)"]
[Site "Pinar del Rio"]
[Date "2024.02.17"]
[Round "10"]
[White "Linares Napoles, Oleiny"]
[Black "Miranda Llanes, Yerisbel"]
[Result "0-1"]
[WhiteElo "2188"]
[BlackElo "2262"]
[PlyCount "62"]
[EventDate "2024.02.08"]
[EventType "swiss"]
[EventRounds "10"]
[EventCountry "CUB"]
[SourceTitle "CB08_2024"]
[SourceDate "2024.02.21"]
[SourceVersion "1"]
[SourceVersionDate "2024.02.21"]
[SourceQuality "1"]

1. Nf3 d5 2. e3 Nf6 3. c4 c6 4. Nc3 e6 5. b3 Nbd7 6. Qc2 Be7 7. Bb2 0-0 8. Rg1 e5 9. Be2 Re8 10. g4 e4 11. g5 exf3 12. gxf6 Nxf6 13. Bxf3 Be6 14. Ne2 Qd7 15. Qc3 Red8 16. Nf4 Kf8 17. Nxe6+ Qxe6 18. Qe5 Qxe5 19. Bxe5 g6 20. Ke2 Ne4 21. cxd5 Rxd5 22. Bd4 f5 23. d3 Rxd4 24. exd4 Nc3+ 25. Kd2 Nb5 26. Rac1 Bb4+ 27. Kd1 Nxd4 28. Rc4 c5 29. Bxb7 Re8 30. Bd5 Re2 31. Rg2 Re1# 0-1

[Event "CUB-ch (Women)"]
[Site "Pinar del Rio"]
[Date "2024.02.08"]
[Round "1"]
[White "Rodriguez Rivero, Jinela De Cari"]
[Black "Linares Napoles, Oleiny"]
[Result "0-1"]
[WhiteElo "2011"]
[BlackElo "2188"]
[PlyCount "116"]
[EventDate "2024.02.08"]
[EventType "swiss"]
[EventRounds "10"]
[EventCountry "CUB"]
[SourceTitle "CB08_2024"]
[SourceDate "2024.02.21"]
[SourceVersion "1"]
[SourceVersionDate "2024.02.21"]
[SourceQuality "1"]

1. e4 g6 2. d4 Bg7 3. Nc3 d6 4. f4 c6 5. Nf3 d5 6. e5 h5 7. Bd3 Bg4 8. h3 Bxf3 9. Qxf3 e6 10. Be3 h4 11. 0-0-0 Ne7 12. g4 hxg3 13. Qxg3 Nd7 14. h4 Rh5 15. f5 Nxf5 16. Bxf5 exf5 17. Ne2 Nf8 18. Nf4 Rh8 19. h5 g5 20. Nd3 Bh6 21. Qf2 f4 22. Bd2 Ne6 23. Nc5 Qc7 24. Nxe6 fxe6 25. Qf3 0-0-0 26. Bb4 Rhg8 27. Qg4 Qf7 28. Rd3 Qf5 29. Rg1 Rd7 30. Ra3 Qxg4 31. Rxg4 b6 32. Rh3 Rf7 33. Rf3 Kd7 34. Kd1 Rf5 35. Bd2 Rh8 36. Ke2 Bf8 37. Rh3 c5 38. c3 Bh6 39. Rf3 Rc8 40. Kd3 Ke7 41. Rg2 Kd7 42. Rg4 Rc6 43. Rg1 Rf8 44. Rff1 Rfc8 45. dxc5 bxc5 46. c4 Ra6 47. Ra1 Rf8 48. a3 Rf5 49. cxd5 exd5 50. b4 c4+ 51. Kd4 Ke6 52. a4 Bg7 53. b5 Rb6 54. Kc5 Rxe5 55. Rae1 Kf5 56. Rxe5+ Bxe5 57. a5 Rb8 58. Kxd5 Rd8+ 0-1

[Event "Carlos Torre Memorial op 33rd"]
[Site "Merida"]
[Date "2023.12.19"]
[Round "9"]
[White "Linares Napoles, Oleiny"]
[Black "Herrera, Aguilar Rene Alexi"]
[Result "1/2-1/2"]
[WhiteElo "2214"]
[BlackElo "2076"]
[PlyCount "41"]
[EventDate "2023.12.15"]
[EventType "swiss"]
[EventRounds "9"]
[EventCountry "MEX"]
[SourceTitle "CB52_2023"]
[SourceDate "2023.12.27"]
[SourceVersion "1"]
[SourceVersionDate "2023.12.27"]
[SourceQuality "1"]

1. Nf3 Nf6 2. c4 e6 3. g3 d5 4. Bg2 Be7 5. 0-0 0-0 6. b3 b6 7. Bb2 Bb7 8. e3 c5 9. Qe2 Nc6 10. d3 Qc7 11. Nc3 Rad8 12. Rfd1 Qb8 13. cxd5 Nxd5 14. Nxd5 Rxd5 15. d4 cxd4 16. Nxd4 Nxd4 17. Bxd4 Rd7 18. Qg4 g6 19. Bxb7 Qxb7 20. h4 Rfd8 21. Be5 1/2-1/2

[Event "Carlos Torre Memorial op 33rd"]
[Site "Merida"]
[Date "2023.12.18"]
[Round "8"]
[White "Ruiz Perez, Juan Octavio"]
[Black "Linares Napoles, Oleiny"]
[Result "1-0"]
[WhiteElo "2089"]
[BlackElo "2214"]
[PlyCount "85"]
[EventDate "2023.12.15"]
[EventType "swiss"]
[EventRounds "9"]
[EventCountry "MEX"]
[SourceTitle "CB52_2023"]
[SourceDate "2023.12.27"]
[SourceVersion "1"]
[SourceVersionDate "2023.12.27"]
[SourceQuality "1"]

1. e4 d6 2. d4 Nf6 3. Nc3 c6 4. f4 Qa5 5. Bd3 e5 6. Nf3 Bg4 7. Be3 Nbd7 8. h3 Bxf3 9. Qxf3 h5 10. a3 Be7 11. 0-0 Qc7 12. Rad1 a6 13. Bc4 Rf8 14. Ba2 0-0-0 15. b4 g6 16. Rd2 h4 17. Rfd1 exf4 18. Bxf4 Nh5 19. Bh6 Rh8 20. Be3 Rdf8 21. e5 Rh7 22. a4 d5 23. b5 Bb4 24. Rd3 Nb6 25. bxc6 bxc6 26. Ne2 Ng7 27. Rb1 Ba5 28. Nc1 Ne6 29. Nb3 Bb4 30. Nc5 Bxc5 31. dxc5 Nd7 32. Rdb3 Qxe5 33. c4 Nd4 34. Bxd4 Qxd4+ 35. Kh1 Rh5 36. cxd5 Rxd5 37. Rb4 Qxc5 38. Bxd5 cxd5 39. Qf1 Kd8 40. Qxa6 Re8 41. Qa8+ Ke7 42. Re1+ Kd6 43. Qxe8 1-0

[Event "Las Vegas 1000 GM op"]
[Site "Las Vegas"]
[Date "2023.06.11"]
[Round "6"]
[White "Wang, Isaac"]
[Black "Linares Napoles, Oleiny"]
[Result "1-0"]
[WhiteElo "2127"]
[BlackElo "2232"]
[PlyCount "85"]
[EventDate "2023.06.08"]
[EventType "swiss"]
[EventRounds "9"]
[EventCountry "USA"]
[SourceTitle "CBM 214 Extra"]
[Source "ChessBase"]
[SourceDate "2023.07.31"]
[SourceVersion "1"]
[SourceVersionDate "2023.07.31"]
[SourceQuality "1"]

1. d4 Nf6 2. c4 g6 3. Nc3 Bg7 4. e4 d6 5. Be2 0-0 6. Be3 e5 7. d5 a5 8. h4 Na6 9. h5 Nc5 10. Qc2 Bd7 11. h6 Bh8 12. Nh3 a4 13. Ng5 Ne8 14. Nf3 b6 15. Nd2 Bf6 16. Nf3 Qb8 17. Nh2 Be7 18. Qd2 f5 19. exf5 gxf5 20. g4 f4 21. Bxc5 bxc5 22. g5 Bf5 23. 0-0-0 Qb4 24. Bd3 Rb8 25. Bxf5 Rxf5 26. Rhg1 Kh8 27. Nf3 Qxc4 28. Qc2 e4 29. Qxe4 Qxe4 30. Nxe4 Bf8 31. Nc3 Ra8 32. Rde1 Kg8 33. Re6 c6 34. dxc6 Nc7 35. Rf6 Rxf6 36. gxf6+ Kf7 37. Ng5+ Kxf6 38. Nxh7+ Kf5 39. Nxf8 Rxf8 40. h7 Rh8 41. Rg7 Ne6 42. Re7 Kf6 43. Nd5+ 1-0

[Event "CUB-ch (Women)"]
[Site "Camaguey"]
[Date "2023.02.19"]
[Round "10"]
[White "Gutierrez Espinosa, Karen"]
[Black "Linares Napoles, Oleiny"]
[Result "0-1"]
[WhiteElo "2110"]
[BlackElo "2179"]
[PlyCount "70"]
[EventDate "2023.02.09"]
[EventType "tourn"]
[EventRounds "11"]
[EventCountry "CUB"]
[SourceTitle "CBM 213 Extra"]
[Source "ChessBase"]
[SourceDate "2023.05.31"]
[SourceVersion "1"]
[SourceVersionDate "2023.05.31"]
[SourceQuality "1"]

1. e4 d6 2. d4 Nf6 3. Nc3 c6 4. f4 Qa5 5. Bd3 e5 6. dxe5 dxe5 7. Nf3 Nbd7 8. fxe5 Nxe5 9. Nxe5 Qxe5 10. Qf3 Bd6 11. g3 Bg4 12. Qf2 0-0 13. Bf4 Qe7 14. Bxd6 Qxd6 15. h3 Bh5 16. g4 Bg6 17. 0-0-0 Qe5 18. Qf3 b5 19. Rde1 Rae8 20. h4 b4 21. h5 Bxh5 22. gxh5 bxc3 23. Reg1 cxb2+ 24. Kb1 h6 25. Qg2 Nh7 26. Rf1 Qd4 27. e5 Ng5 28. Qxc6 Rxe5 29. Rf5 Rxf5 30. Bxf5 Qd2 31. Bd3 Rd8 32. Qc7 Ne6 33. Qc4 Nf4 34. Bg6 Nd5 35. Rh3 Qc1# 0-1

[Event "CUB-ch (Women)"]
[Site "Camaguey"]
[Date "2023.02.11"]
[Round "3"]
[White "Miranda Llanes, Yerisbel"]
[Black "Linares Napoles, Oleiny"]
[Result "1/2-1/2"]
[WhiteElo "2269"]
[BlackElo "2179"]
[PlyCount "46"]
[EventDate "2023.02.09"]
[EventType "tourn"]
[EventRounds "11"]
[EventCountry "CUB"]
[SourceTitle "CBM 213 Extra"]
[Source "ChessBase"]
[SourceDate "2023.05.31"]
[SourceVersion "1"]
[SourceVersionDate "2023.05.31"]
[SourceQuality "1"]

1. d4 g6 2. c4 Bg7 3. e4 c5 4. d5 d6 5. Bd3 Nf6 6. Nc3 0-0 7. h3 e6 8. Nf3 a6 9. 0-0 e5 10. Bg5 h6 11. Be3 Nh5 12. Qd2 Kh7 13. g4 Qf6 14. Kg2 Nf4+ 15. Bxf4 exf4 16. Rae1 Nd7 17. Ne2 Qxb2 18. Qxb2 Bxb2 19. Nxf4 Bg7 20. Ne2 b5 21. cxb5 axb5 22. Bxb5 Rxa2 23. Rb1 Ba6 1/2-1/2

[Event "CUB-ch (Women)"]
[Site "Camaguey"]
[Date "2023.02.09"]
[Round "1"]
[White "Forgas Moreno, Yaniela"]
[Black "Linares Napoles, Oleiny"]
[Result "1/2-1/2"]
[WhiteElo "2304"]
[BlackElo "2179"]
[PlyCount "37"]
[EventDate "2023.02.09"]
[EventType "tourn"]
[EventRounds "11"]
[EventCountry "CUB"]
[SourceTitle "CBM 213 Extra"]
[Source "ChessBase"]
[SourceDate "2023.05.31"]
[SourceVersion "1"]
[SourceVersionDate "2023.05.31"]
[SourceQuality "1"]

1. e4 e5 2. Nf3 Nf6 3. Nxe5 d6 4. Nf3 Nxe4 5. c4 Be7 6. Nc3 Nf6 7. d4 0-0 8. Bd3 Bg4 9. 0-0 Nc6 10. Be3 Qd7 11. h3 Bh5 12. d5 Nb4 13. Be2 Bxf3 14. Bxf3 a5 15. a3 Na6 16. Rb1 Nc5 17. b4 axb4 18. axb4 Na4 19. Nxa4 1/2-1/2

[Event "Online Olym Div Top-D"]
[Site "Chess.com INT"]
[Date "2021.09.10"]
[Round "7.2"]
[White "Linares Napoles, Oleiny"]
[Black "Paikidze, Nazi"]
[Result "0-1"]
[WhiteElo "2255"]
[BlackElo "2374"]
[PlyCount "76"]
[EventDate "2021.09.08"]
[EventType "team (rapid)"]
[EventRounds "9"]
[EventCountry "USA"]
[SourceTitle "CBM 204 Extra"]
[Source "ChessBase"]
[SourceDate "2021.11.30"]
[SourceVersion "1"]
[SourceVersionDate "2021.11.30"]
[SourceQuality "1"]
[WhiteTeam "Cuba"]
[BlackTeam "United States"]
[WhiteTeamCountry "CUB"]
[BlackTeamCountry "USA"]

1. d4 Nf6 2. Bf4 g6 3. Nc3 d5 4. e3 Bg7 5. h4 h5 6. Nf3 a6 7. Be2 0-0 8. Ne5 Nbd7 9. f3 c5 10. Qd2 b5 11. a3 Bb7 12. g4 hxg4 13. fxg4 Ne4 14. Nxe4 dxe4 15. Rh3 Nxe5 16. dxe5 Qxd2+ 17. Kxd2 Rad8+ 18. Ke1 f6 19. exf6 Bxf6 20. c3 b4 21. axb4 cxb4 22. g5 Bg7 23. Rc1 Rc8 24. Bg4 bxc3 25. Be6+ Kh7 26. bxc3 Rxc3 27. Rb1 Bc8 28. Bxc8 Rfxc8 29. Rh2 e5 30. Bg3 Rxe3+ 31. Kf2 Rcc3 32. Rh3 Rf3+ 33. Kg2 Rc2+ 34. Kg1 e3 35. Rb7 e2 36. Rb1 e4 37. h5 Bd4+ 38. Kh1 Rf1+ 0-1

[Event "Online Olym Div Top-D"]
[Site "Chess.com INT"]
[Date "2021.09.09"]
[Round "5.1"]
[White "Chirivi Castiblanco, Jenny Astrid"]
[Black "Linares Napoles, Oleiny"]
[Result "1/2-1/2"]
[WhiteElo "2124"]
[BlackElo "2255"]
[PlyCount "102"]
[EventDate "2021.09.08"]
[EventType "team (rapid)"]
[EventRounds "9"]
[EventCountry "USA"]
[SourceTitle "CBM 204 Extra"]
[Source "ChessBase"]
[SourceDate "2021.11.30"]
[SourceVersion "1"]
[SourceVersionDate "2021.11.30"]
[SourceQuality "1"]
[WhiteTeam "Colombia"]
[BlackTeam "Cuba"]
[WhiteTeamCountry "COL"]
[BlackTeamCountry "CUB"]

1. d4 d5 2. c4 dxc4 3. Nf3 a6 4. e3 Nf6 5. Bxc4 e6 6. 0-0 c5 7. a4 Nc6 8. Nc3 Be7 9. h3 0-0 10. b3 b6 11. dxc5 Bxc5 12. Bb2 Bb7 13. Qe2 Na5 14. Rfd1 Qc7 15. Nd4 Nxc4 16. Qxc4 Rac8 17. Rac1 Qb8 18. Qe2 Rfd8 19. Nf3 h6 20. Rxd8+ Rxd8 21. Rd1 Qc7 22. Rxd8+ Qxd8 23. Nd2 Qc7 24. Qd3 Bb4 25. Nce4 Nxe4 26. Nxe4 Bf8 27. f3 Bd5 28. Kf2 b5 29. axb5 axb5 30. Nd2 Qa5 31. e4 Bc6 32. Qc3 Qb6+ 33. Kf1 Bb7 34. Qd4 Qc6 35. Qc3 Qa6 36. Kg1 Qb6+ 37. Kh1 Qf2 38. Qd4 Qe2 39. Kh2 Bc8 40. Qd8 b4 41. Be5 Ba6 42. Bd6 Qxd2 43. Qxf8+ Kh7 44. Be5 f6 45. Qd6 Qxd6 46. Bxd6 Bd3 47. Bxb4 Bc2 48. Bc3 Bxb3 49. Kg3 e5 50. Kf2 Kg6 51. g3 Bc4 1/2-1/2

[Event "Online Olym Div Top-D"]
[Site "Chess.com INT"]
[Date "2021.09.09"]
[Round "4.5"]
[White "Linares Napoles, Oleiny"]
[Black "Aliaga Fernandez, Ingrid Yadira"]
[Result "1-0"]
[WhiteElo "2255"]
[BlackElo "2201"]
[PlyCount "55"]
[EventDate "2021.09.08"]
[EventType "team (rapid)"]
[EventRounds "9"]
[EventCountry "USA"]
[SourceTitle "CBM 204 Extra"]
[Source "ChessBase"]
[SourceDate "2021.11.30"]
[SourceVersion "1"]
[SourceVersionDate "2021.11.30"]
[SourceQuality "1"]
[WhiteTeam "Cuba"]
[BlackTeam "Peru"]
[WhiteTeamCountry "CUB"]
[BlackTeamCountry "PER"]

1. d4 d5 2. Bf4 Nf6 3. e3 c5 4. c3 Qb6 5. Qb3 c4 6. Qc2 Nc6 7. Nd2 Bg4 8. e4 e6 9. h3 Bh5 10. e5 Bg6 11. Qc1 Nd7 12. Ngf3 Be7 13. Be2 0-0 14. 0-0 a5 15. b3 cxb3 16. axb3 Qd8 17. Qb2 f6 18. Bg3 fxe5 19. dxe5 Nc5 20. Rfd1 Nd3 21. Qa2 Qc7 22. Nd4 Nxd4 23. cxd4 Nb4 24. Qb2 Qc2 25. Qxc2 Nxc2 26. Ra4 Be8 27. Bg4 Kf7 28. Ra2 1-0

[Event "Online Olym Div2 E"]
[Site "Chess.com INT"]
[Date "2021.09.04"]
[Round "8.1"]
[White "Linares Napoles, Oleiny"]
[Black "Chirivi Castiblanco, Jenny Astrid"]
[Result "1/2-1/2"]
[WhiteElo "2255"]
[BlackElo "2124"]
[PlyCount "46"]
[EventDate "2021.09.02"]
[EventType "team (rapid)"]
[EventRounds "9"]
[EventCountry "USA"]
[SourceTitle "CBM 204 Extra"]
[Source "ChessBase"]
[SourceDate "2021.11.30"]
[SourceVersion "1"]
[SourceVersionDate "2021.11.30"]
[SourceQuality "1"]
[WhiteTeam "Cuba"]
[BlackTeam "Colombia"]
[WhiteTeamCountry "CUB"]
[BlackTeamCountry "COL"]

1. d4 d5 2. Bf4 Nf6 3. e3 c5 4. c3 Nc6 5. Nd2 Bf5 6. Qb3 Qc8 7. h3 e6 8. Ngf3 h6 9. dxc5 Bxc5 10. Be2 0-0 11. 0-0 Rd8 12. c4 d4 13. exd4 Bxd4 14. Rac1 e5 15. Be3 Bxe3 16. Qxe3 Qe6 17. Nb3 b6 18. Rfd1 Rac8 19. a3 Bg6 20. Nh4 Bh7 21. Nf3 Bg6 22. Nh4 Bh7 23. Nf3 Bg6 1/2-1/2

[Event "Speed Chess (Women) Q8"]
[Site "Chess.com INT"]
[Date "2021.06.06"]
[Round "6"]
[White "Linares Napoles, Oleiny"]
[Black "Grigoryan, Meri"]
[Result "1-0"]
[WhiteElo "2255"]
[BlackElo "2044"]
[PlyCount "73"]
[EventDate "2021.06.06"]
[EventType "swiss (blitz)"]
[EventRounds "13"]
[EventCountry "USA"]
[SourceTitle "CBM 202 Extra"]
[Source "ChessBase"]
[SourceDate "2021.07.31"]
[SourceVersion "1"]
[SourceVersionDate "2021.07.31"]
[SourceQuality "1"]

1. d4 d5 2. Bf4 Nf6 3. e3 e6 4. Nd2 Bd6 5. c3 0-0 6. Bd3 c5 7. Ngf3 c4 8. Bc2 Qc7 9. Bxd6 Qxd6 10. Ne5 Nc6 11. f4 a6 12. 0-0 b5 13. a3 a5 14. Qf3 Bb7 15. g4 Nd7 16. g5 f6 17. Qh3 f5 18. Qh4 Ndxe5 19. fxe5 Qe7 20. Rf3 g6 21. Nf1 b4 22. Qf4 bxc3 23. bxc3 a4 24. h4 Kg7 25. h5 Rh8 26. Rh3 h6 27. Rg3 hxg5 28. Rxg5 Rxh5 29. Rxh5 gxh5 30. Ng3 Rg8 31. Kf2 h4 32. Nh5+ Kf8 33. Qh6+ Kf7 34. Rb1 Bc8 35. Nf6 Rg7 36. Qh5+ Rg6 37. Rg1 1-0

[Event "Speed Chess (Women) Q8"]
[Site "Chess.com INT"]
[Date "2021.06.06"]
[Round "7"]
[White "Linares Napoles, Oleiny"]
[Black "Komiagina, Maria"]
[Result "1-0"]
[WhiteElo "2255"]
[BlackElo "2241"]
[PlyCount "55"]
[EventDate "2021.06.06"]
[EventType "swiss (blitz)"]
[EventRounds "13"]
[EventCountry "USA"]
[SourceTitle "CBM 202 Extra"]
[Source "ChessBase"]
[SourceDate "2021.07.31"]
[SourceVersion "1"]
[SourceVersionDate "2021.07.31"]
[SourceQuality "1"]

1. d4 Nf6 2. Bf4 g6 3. Nc3 Bg7 4. e4 d6 5. Qd2 h6 6. 0-0-0 Nfd7 7. Nf3 c6 8. e5 d5 9. e6 fxe6 10. Bd3 Nf8 11. Ne5 g5 12. Bg3 Nbd7 13. f4 Bf6 14. Rde1 Qb6 15. Rhf1 Rg8 16. Kb1 c5 17. dxc5 Qxc5 18. Qe2 gxf4 19. Bxf4 Nxe5 20. Bxe5 Nd7 21. Bb5 a6 22. Bxd7+ Bxd7 23. Qh5+ Kd8 24. Bxf6 exf6 25. Ne4 Qe7 26. Nxf6 Kc7 27. Nxd7 Qxd7 28. Rf7 1-0

[Event "Speed Chess (Women) Q8"]
[Site "Chess.com INT"]
[Date "2021.06.06"]
[Round "13"]
[White "Linares Napoles, Oleiny"]
[Black "Mohota, Nisha"]
[Result "1-0"]
[WhiteElo "2255"]
[BlackElo "2195"]
[PlyCount "119"]
[EventDate "2021.06.06"]
[EventType "swiss (blitz)"]
[EventRounds "13"]
[EventCountry "USA"]
[SourceTitle "CBM 202 Extra"]
[Source "ChessBase"]
[SourceDate "2021.07.31"]
[SourceVersion "1"]
[SourceVersionDate "2021.07.31"]
[SourceQuality "1"]

1. d4 f5 2. Bf4 d6 3. c4 Nf6 4. Nc3 Nc6 5. Nf3 e6 6. e3 Be7 7. h3 0-0 8. Be2 Ne4 9. Rc1 Nxc3 10. Rxc3 Bf6 11. Rc1 e5 12. dxe5 dxe5 13. Qxd8 Rxd8 14. Bg5 Kf7 15. a3 a5 16. b3 Be6 17. Bxf6 Kxf6 18. 0-0 e4 19. Nh2 Rd2 20. Rfe1 Rad8 21. Nf1 Ra2 22. Ra1 Rxa1 23. Rxa1 Ne5 24. Rd1 Rxd1 25. Bxd1 a4 26. bxa4 Nxc4 27. Ng3 Nxa3 28. Kf1 Bc4+ 29. Ke1 Nb1 30. Bc2 Nc3 31. Kd2 Nd5 32. f3 exf3 33. gxf3 g6 34. h4 f4 35. Ne4+ Ke5 36. exf4+ Kxf4 37. Bd1 Ne3 38. Be2 Bxe2 39. Kxe2 Nf5 40. Nc5 Nxh4 41. Nxb7 Nxf3 42. a5 Nd4+ 43. Kf2 Nb5 44. a6 g5 45. Nc5 g4 46. Ne6+ Kf5 47. Nd4+ Nxd4 48. a7 h5 49. a8Q Nf3 50. Qc8+ Kg5 51. Qd8+ Kf4 52. Qxc7+ Kg5 53. Qc5+ Kh4 54. Qe7+ Kh3 55. Qh7 h4 56. Qh5 Nh2 57. Qf5 Nf3 58. Qd3 Kh2 59. Qf1 Ng5 60. Qg2# 1-0

[Event "Speed Chess (Women) Q8"]
[Site "Chess.com INT"]
[Date "2021.06.06"]
[Round "4"]
[White "Linares Napoles, Oleiny"]
[Black "Varshini, Veileven"]
[Result "1/2-1/2"]
[WhiteElo "2255"]
[BlackElo "2226"]
[PlyCount "44"]
[EventDate "2021.06.06"]
[EventType "swiss (blitz)"]
[EventRounds "13"]
[EventCountry "USA"]
[SourceTitle "CBM 202 Extra"]
[Source "ChessBase"]
[SourceDate "2021.07.31"]
[SourceVersion "1"]
[SourceVersionDate "2021.07.31"]
[SourceQuality "1"]

1. c4 e5 2. Nc3 Nf6 3. g3 d5 4. cxd5 Nxd5 5. Bg2 Nb6 6. Nf3 Nc6 7. 0-0 Be7 8. a4 a5 9. d3 0-0 10. Be3 Be6 11. Bxb6 cxb6 12. Rc1 Rc8 13. Nd2 f5 14. Nb5 Bf6 15. Nc4 Bxc4 16. Rxc4 Kh8 17. Qb3 h6 18. Rfc1 Qd7 19. Qa3 Nb4 20. Qb3 Nc6 21. Qc2 Ne7 22. Qb3 Nc6 1/2-1/2

[Event "Speed Chess (Women) Q8"]
[Site "Chess.com INT"]
[Date "2021.06.06"]
[Round "3"]
[White "Socko, Monika"]
[Black "Linares Napoles, Oleiny"]
[Result "1-0"]
[WhiteElo "2393"]
[BlackElo "2255"]
[PlyCount "99"]
[EventDate "2021.06.06"]
[EventType "swiss (blitz)"]
[EventRounds "13"]
[EventCountry "USA"]
[SourceTitle "CBM 202 Extra"]
[Source "ChessBase"]
[SourceDate "2021.07.31"]
[SourceVersion "1"]
[SourceVersionDate "2021.07.31"]
[SourceQuality "1"]

1. d4 Nf6 2. c4 g6 3. Nf3 Bg7 4. g3 0-0 5. Bg2 d6 6. 0-0 Nbd7 7. Qc2 e5 8. Rd1 Qe7 9. Nc3 c6 10. b3 Re8 11. e3 a6 12. Ba3 e4 13. Nd2 Nf8 14. Ndxe4 Bf5 15. Nxf6+ Qxf6 16. e4 Bg4 17. Rd3 Rad8 18. Re1 Ne6 19. e5 dxe5 20. dxe5 Qf5 21. Rxd8 Qxc2 22. Rxe8+ Bf8 23. Ne4 Kg7 24. Bxf8+ Nxf8 25. Nf6 Bd7 26. Re7 Be6 27. Rxb7 Qc3 28. Rd1 Qxe5 29. Ne8+ Kh6 30. Nd6 Qe2 31. Rf1 Qxa2 32. Bxc6 Kg7 33. Kg2 h5 34. Bd5 Qd2 35. Bxe6 Nxe6 36. Nxf7 Kf6 37. h4 Qe2 38. Ng5 Nxg5 39. hxg5+ Kxg5 40. Rd7 Qe4+ 41. f3 Qe3 42. b4 Qe2+ 43. Rf2 Qxc4 44. Rfd2 Kh6 45. Re7 Qxb4 46. Rdd7 Qb2+ 47. Kh3 Kg5 48. Rf7 h4 49. f4+ Kh6 50. Rh7# 1-0

[Event "Speed Chess (Women) Q6"]
[Site "Chess.com INT"]
[Date "2021.06.05"]
[Round "5"]
[White "Linares Napoles, Oleiny"]
[Black "Bodnaruk, Anastasia"]
[Result "1/2-1/2"]
[WhiteElo "2255"]
[BlackElo "2446"]
[PlyCount "131"]
[EventDate "2021.06.05"]
[EventType "swiss (blitz)"]
[EventRounds "13"]
[EventCountry "USA"]
[SourceTitle "CBM 202 Extra"]
[Source "ChessBase"]
[SourceDate "2021.07.31"]
[SourceVersion "1"]
[SourceVersionDate "2021.07.31"]
[SourceQuality "1"]

1. d4 Nf6 2. Bf4 g6 3. Nc3 d5 4. e3 Bg7 5. Be2 0-0 6. h4 h5 7. Nf3 c5 8. Qd2 Nc6 9. dxc5 Ne4 10. Nxe4 dxe4 11. Nd4 Nxd4 12. exd4 Qxd4 13. c3 Qxc5 14. Bh6 Be6 15. Bxg7 Kxg7 16. Qf4 Qc6 17. 0-0 Rad8 18. a4 a6 19. a5 f6 20. Rfd1 Bb3 21. Rxd8 Rxd8 22. Qg3 Qc5 23. Ra3 Bc2 24. b4 Qd6 25. Qe3 Bd3 26. c4 Qxb4 27. Ra1 Qxc4 28. Bd1 Qd4 29. Qc1 Rd7 30. Ra3 f5 31. Ba4 Rd8 32. Qg5 Qf6 33. Qf4 e5 34. Qe3 f4 35. Qc5 Qd6 36. Qc3 Qd4 37. Qc7+ Kh6 38. Qe7 Qd6 39. Qg5+ Kg7 40. Rb3 Bb5 41. Bxb5 axb5 42. Rxb5 Rd7 43. Rxe5 e3 44. fxe3 fxe3 45. Rxe3 Qd4 46. Kh2 Qd6+ 47. Kh3 Rf7 48. Qe5+ Qxe5 49. Rxe5 Rc7 50. Rb5 Kf6 51. Kg3 Rd7 52. Kf4 Rd4+ 53. Kf3 Ra4 54. Rb6+ Kf5 55. Rb5+ Kf6 56. g3 Ke6 57. Rb6+ Kf5 58. Rxb7 Rxa5 59. Rb3 Ra4 60. Rc3 Kf6 61. Rd3 Kf5 62. Re3 Kf6 63. Rd3 Kf5 64. Rc3 Kf6 65. Rb3 Kf5 66. Rc3 1/2-1/2

[Event "Speed Chess (Women) Q6"]
[Site "Chess.com INT"]
[Date "2021.06.05"]
[Round "1"]
[White "Linares Napoles, Oleiny"]
[Black "Zaksaite, Salomeja"]
[Result "1-0"]
[WhiteElo "2255"]
[BlackElo "2202"]
[PlyCount "51"]
[EventDate "2021.06.05"]
[EventType "swiss (blitz)"]
[EventRounds "13"]
[EventCountry "USA"]
[SourceTitle "CBM 202 Extra"]
[Source "ChessBase"]
[SourceDate "2021.07.31"]
[SourceVersion "1"]
[SourceVersionDate "2021.07.31"]
[SourceQuality "1"]

1. d4 Nf6 2. Bf4 g6 3. Nc3 Bg7 4. e4 d6 5. Qd2 h6 6. 0-0-0 Nbd7 7. Nf3 b6 8. e5 Nh5 9. Be3 Bb7 10. Bb5 c6 11. Ba4 dxe5 12. dxe5 Nxe5 13. Qe2 Qc7 14. g4 Nxf3 15. gxh5 Ne5 16. f4 Nd7 17. Nd5 cxd5 18. hxg6 fxg6 19. Qd3 0-0-0 20. Qxg6 d4 21. Qxg7 dxe3 22. Rhe1 Nc5 23. Bb5 Rxd1+ 24. Rxd1 Qxf4 25. Qxh8+ Kc7 26. Qd8# 1-0

[Event "Speed Chess (Women) Q6"]
[Site "Chess.com INT"]
[Date "2021.06.05"]
[Round "6"]
[White "Paehtz, Elisabeth"]
[Black "Linares Napoles, Oleiny"]
[Result "1-0"]
[WhiteElo "2456"]
[BlackElo "2255"]
[PlyCount "97"]
[EventDate "2021.06.05"]
[EventType "swiss (blitz)"]
[EventRounds "13"]
[EventCountry "USA"]
[SourceTitle "CBM 202 Extra"]
[Source "ChessBase"]
[SourceDate "2021.07.31"]
[SourceVersion "1"]
[SourceVersionDate "2021.07.31"]
[SourceQuality "1"]

1. d4 Nf6 2. Nf3 g6 3. Bg5 Bg7 4. Nbd2 d6 5. c3 Nbd7 6. e4 h6 7. Bh4 e5 8. dxe5 dxe5 9. Be2 Qe7 10. 0-0 0-0 11. Qc2 Re8 12. Nc4 Qf8 13. Ne3 c6 14. Nd2 Nc5 15. Rfd1 Ne6 16. Ndc4 Nf4 17. Bf1 Ng4 18. Nd6 g5 19. Nxe8 Qxe8 20. Bg3 Nxe3 21. fxe3 Ng6 22. Bc4 Be6 23. Qb3 Bxc4 24. Qxc4 h5 25. Rd2 h4 26. Bf2 Rd8 27. Rad1 Rxd2 28. Rxd2 Bf8 29. Qd3 Qe6 30. b3 Kg7 31. Qd7 Qf6 32. Qf5 Qe7 33. Rd7 Qe8 34. Rxb7 Be7 35. Qd7 Qa8 36. c4 a5 37. Be1 a4 38. b4 a3 39. Ra7 Qh8 40. Bc3 Qh5 41. Qd2 Qg4 42. h3 Qxe4 43. b5 cxb5 44. cxb5 Qb1+ 45. Kf2 Qxb5 46. Rd7 Qc6 47. Rd5 Bf6 48. Qd3 Qb6 49. Bd2 1-0

[Event "Speed Chess (Women) Q5"]
[Site "Chess.com INT"]
[Date "2021.06.04"]
[Round "2"]
[White "Linares Napoles, Oleiny"]
[Black "Luong, Phuong Hanh"]
[Result "0-1"]
[WhiteElo "2255"]
[BlackElo "2229"]
[PlyCount "42"]
[EventDate "2021.06.04"]
[EventType "swiss (blitz)"]
[EventRounds "9"]
[EventCountry "USA"]
[SourceTitle "CBM 202 Extra"]
[Source "ChessBase"]
[SourceDate "2021.07.31"]
[SourceVersion "1"]
[SourceVersionDate "2021.07.31"]
[SourceQuality "1"]

1. d4 Nf6 2. Bf4 g6 3. Nc3 d5 4. e3 Bg7 5. Be2 0-0 6. h4 c5 7. h5 cxd4 8. exd4 Nc6 9. Qd2 Ne4 10. Nxe4 dxe4 11. c3 e5 12. Bg5 e3 13. Bxe3 exd4 14. cxd4 Bxd4 15. hxg6 hxg6 16. Nf3 Bg7 17. Rd1 Qxd2+ 18. Rxd2 Be6 19. a3 Rfd8 20. Rxd8+ Rxd8 21. Bc1 Na5 0-1